| 000 | 00722nas a2200241 4500 | ||
|---|---|---|---|
| 001 | BR0904641 | ||
| 003 | BR-BrBNA | ||
| 005 | 20231205113336.0 | ||
| 007 | ta | ||
| 008 | 230509b bl.|||p| |||| 00| 00por d | ||
| 040 |
_aBR-BrBNA _bpor _cBiblioteca Nacional de Agricultura |
||
| 041 | _a(Pt) | ||
| 072 | _aE20 | ||
| 100 | 1 | _aMendonça, M.C.A. de | |
| 100 | 1 | _aBatalha, M.O. | |
| 100 | 1 | _aSantos, A.C. dos | |
| 245 | 1 | _aTurismo no espaço rural: debate e tendência | |
| 650 | _aAGRICULTURA | ||
| 650 | _aTURISMO RURAL | ||
| 773 | 0 |
_tOrganização Rurais e Agroindustriais (Brazil) _xISSN 1517-3879 _g(Jul-Dec 2002), v. 4(2) p. 63-72 _wBR0904641 |
|
| 909 |
_a202311 _bLúcia _c55 _dLúcia Elande |
||
| 942 |
_2AGRIS _n0 _cANA |
||
| 999 |
_c203250 _d203250 |
||